000 00672nam a2200229Ia 4500
005 20260429112109.0
008 260429s9999||||xx |||||||||||||| ||und||
020 _a9781032627267
041 _aEnglish
082 _a378.1
_bROU
100 _aRoushan, Gelareh
245 0 _aTeaching and learning with innovative technologies in higher education :
_breal-world case studies /
_cGelareh Roushan
250 _a1st ed.
260 _aNew York :
_bRoutledge,
_c2025.
300 _aix, 259 p.; pbk
650 _a higher education
650 _a Teaching
650 _aInnovative technology
700 _a Patel, Uma
700 _a Plokinghorne, Martyn
942 _cTB
999 _c52335
_d52335